[Event "24th European Teams"]
[Site "Budva MNE"]
[Date "2023.11.13"]
[EventDate "2023.11.11"]
[Round "3.11"]
[Result "1/2-1/2"]
[White "Tamas Banusz"]
[Black "Baadur Jobava"]
[WhiteElo "2609"]
[BlackElo "2568"]
[PlyCount "100"]

1. Nf3 c5 2. c4 g6 3. g3 Bg7 4. Bg2 Nc6 5. O-O d6 6. Nc3 h5 7. b3 Nh6 8.
Bb2 Nf5 9. h4 Nfd4 10. Nxd4 cxd4 11. Ne4 O-O 12. d3 Bg4 13. Qd2 Qd7 14.
Rfc1 Rac8 15. b4 Nd8 16. Ng5 Bh6 17. f3 Bh3 18. Bxh3 Qxh3 19. Nxh3 Bxd2 20.
Rc2 Be3+ 21. Kf1 e5 22. Bc1 Kg7 23. Ng5 d5 24. Bxe3 dxe3 25. Rac1 f6 26.
Nh3 d4 27. Kg2 g5 28. hxg5 f5 29. f4 e4 30. c5 Ne6 31. Rc4 Rf7 32. a4 Kg6
33. c6 Rxc6 34. Rxc6 bxc6 35. Rxc6 Re7 36. Ng1 Kf7 37. Rd6 Rc7 38. Rd5 Rc2
39. Rxf5+ Ke7 40. Kf1 exd3 41. exd3 h4 42. Re5 hxg3 43. f5 g2+ 44. Ke1 Rc1+
45. Ke2 Rxg1 46. Rxe6+ Kd7 47. Kf3 Rf1+ 48. Kxg2 Rxf5 49. Re4 Rxg5+ 50. Kf3
1/2-1/2

[Event "24th European Teams"]
[Site "Budva MNE"]
[Date "2023.11.13"]
[EventDate "2023.11.11"]
[Round "3.11"]
[Result "1/2-1/2"]
[White "Nikolozi Kacharava"]
[Black "Adam Kozak"]
[WhiteElo "2519"]
[BlackElo "2578"]
[PlyCount "106"]

1. e4 e5 2. Nf3 Nc6 3. Bb5 Nf6 4. d3 Bc5 5. Bxc6 dxc6 6. O-O Nd7 7. c3 O-O
8. d4 Bd6 9. Bg5 f6 10. Bh4 Qe8 11. Nbd2 Qf7 12. Bg3 Re8 13. Re1 a5 14. Qc2
a4 15. Nf1 exd4 16. Nxd4 Ne5 17. Ne3 Bf8 18. c4 Bc5 19. Qc3 Qf8 20. Nec2
Qf7 21. b3 Bf8 22. f3 Bd7 23. Ne3 b6 24. Red1 Rad8 25. Rd2 axb3 26. axb3
Ra8 27. Rad1 g6 28. h3 c5 29. Ne2 Be6 30. f4 Nc6 31. f5 gxf5 32. exf5 Bc8
33. Nd5 Ne5 34. Nef4 Bg7 35. Rf1 Rb8 36. Nd3 c6 37. Nxe5 fxe5 38. f6 cxd5
39. fxg7 d4 40. Rxf7 dxc3 41. Rf8+ Rxf8 42. gxf8=Q+ Kxf8 43. Rf2+ Ke8 44.
Bxe5 Ra8 45. Rc2 Ra1+ 46. Kf2 Bf5 47. Rxc3 Ra2+ 48. Kf3 Kd7 49. Bf4 Rb2 50.
Bc1 Rc2 51. Rxc2 Bxc2 52. b4 Bd3 53. bxc5 bxc5 1/2-1/2

[Event "24th European Teams"]
[Site "Budva MNE"]
[Date "2023.11.13"]
[EventDate "2023.11.11"]
[Round "3.12"]
[Result "1/2-1/2"]
[White "Nikolas Theodorou"]
[Black "Tomas Laurusas"]
[WhiteElo "2619"]
[BlackElo "2566"]
[PlyCount "88"]

1. e4 e5 2. Nf3 Nf6 3. d4 Nxe4 4. Bd3 d5 5. Nxe5 Nd7 6. O-O Nxe5 7. dxe5
Nc5 8. Be3 Be7 9. f4 Nxd3 10. Qxd3 g6 11. Nc3 c6 12. Ne2 Bf5 13. Qd2 Qd7
14. Ng3 h5 15. Qc3 Rg8 16. Bc5 Bxc5+ 17. Qxc5 b6 18. Qf2 O-O-O 19. a4 Kb7
20. a5 c5 21. Ra3 d4 22. axb6 axb6 23. Rfa1 Qd5 24. Ra7+ Kc6 25. h4 Rd7 26.
Kh2 Rgd8 27. R7a4 Bg4 28. Qe1 Bf5 29. Qf2 Bg4 30. Qe1 Bf5 31. Qd1 Be6 32.
b3 Rb7 33. Ra8 Kc7 34. Qe1 Rxa8 35. Rxa8 Rb8 36. Ra7+ Rb7 37. Ra1 Bd7 38.
Qf2 Bc6 39. Re1 Ra7 40. f5 Ra8 41. Re2 Re8 42. Qf4 Kb7 43. Ne4 Qxe5 44.
Qxe5 1/2-1/2

[Event "24th European Teams"]
[Site "Budva MNE"]
[Date "2023.11.13"]
[EventDate "2023.11.11"]
[Round "3.12"]
[Result "1/2-1/2"]
[White "Valery Kazakouski"]
[Black "Dimitrios Mastrovasilis"]
[WhiteElo "2577"]
[BlackElo "2573"]
[PlyCount "152"]

1. e4 e5 2. Nf3 Nc6 3. Bc4 Nf6 4. d3 d5 5. exd5 Nxd5 6. O-O Nb6 7. Bb3 Bg4
8. h3 Bh5 9. Re1 Qe7 10. a4 a5 11. Be3 O-O-O 12. Bxb6 cxb6 13. Nbd2 Qc7 14.
Bc4 f6 15. c3 Kb8 16. Qb3 Bc5 17. Rac1 Rhe8 18. Bb5 Bf7 19. Qc2 Bf8 20. d4
Bg6 21. Bd3 Bxd3 22. Qxd3 exd4 23. Rxe8 Rxe8 24. cxd4 Ne5 25. Qf1 Nxf3+ 26.
Nxf3 Qd7 27. b3 Qd5 28. Qd3 g6 29. Kf1 Bb4 30. Qc4 Qf5 31. Qf7 Re7 32. Qg8+
Ka7 33. Qc4 Bd6 34. Qb5 Qf4 35. Rc2 Qe4 36. Qe2 Qf5 37. Qd1 Qd5 38. Qd3 g5
39. Re2 Rc7 40. Rc2 Re7 41. Ng1 Bb4 42. Ne2 h5 43. Rc1 Rd7 44. Qc4 h4 45.
Kg1 Rd6 46. Rd1 Kb8 47. f3 Rd8 48. Kf2 Qd6 49. Rc1 Qe7 50. Qd3 Re8 51. Rc2
Qe6 52. Kf1 Qe3 53. Qxe3 Rxe3 54. Nc1 Ba3 55. Na2 Bb4 56. Nc1 Ba3 57. Na2
Bb4 58. Rb2 Bd6 59. Kf2 Rd3 60. Ke2 Rxd4 61. Rd2 Rxd2+ 62. Kxd2 Kc7 63. Kd3
Kc6 64. Kc4 Be5 65. Nc1 Kd6 66. Nd3 Bh2 67. Nf2 Bg1 68. Ne4+ Ke5 69. Kd3
Bc5 70. Nd2 Kf4 71. Ke2 Ke5 72. Kd3 Kd5 73. Nc4 Bg1 74. Na3 Bc5 75. Nc4 Bg1
76. Na3 Bc5 1/2-1/2

[Event "24th European Teams"]
[Site "Budva MNE"]
[Date "2023.11.13"]
[EventDate "2023.11.11"]
[Round "3.12"]
[Result "1-0"]
[White "Ioannis Papaioannou"]
[Black "Paulius Pultinevicius"]
[WhiteElo "2623"]
[BlackElo "2589"]
[PlyCount "90"]

1. e4 c6 2. d4 d5 3. exd5 cxd5 4. Bd3 Nc6 5. c3 Qc7 6. h3 g6 7. Ne2 Bf5 8.
Nf4 Nf6 9. O-O Bxd3 10. Nxd3 Bg7 11. Bf4 Qc8 12. Nd2 O-O 13. Re1 Re8 14.
Qf3 b6 15. Re2 Qa6 16. a3 Nh5 17. Be5 Rad8 18. Rae1 Qb5 19. g4 Nf6 20. Bc7
Rc8 21. Bf4 h5 22. Re3 Rcd8 23. Kg2 Qa4 24. Bg5 Qc2 25. R3e2 Nh7 26. Bh4
hxg4 27. hxg4 g5 28. Bg3 Qa4 29. Rh1 Nf8 30. Qe3 Qa6 31. Nf3 f6 32. Ree1 e6
33. Nb4 Qb7 34. Nxc6 Qxc6 35. Nxg5 fxg5 36. Be5 Ng6 37. Qxg5 Nxe5 38. Rxe5
Rf8 39. Rh6 Rde8 40. Qg6 Rf6 41. Qh7+ Kf8 42. Rg5 Rf7 43. Rxg7 Rxg7 44.
Rf6+ Ke7 45. Qxg7+ 1-0

[Event "24th European Teams"]
[Site "Budva MNE"]
[Date "2023.11.13"]
[EventDate "2023.11.11"]
[Round "3.13"]
[Result "1/2-1/2"]
[White "Ivan Schitco"]
[Black "Daniele Vocaturo"]
[WhiteElo "2503"]
[BlackElo "2632"]
[PlyCount "58"]

1. d4 Nf6 2. Nc3 e6 3. Bf4 Bb4 4. Qd3 b6 5. a3 Bxc3+ 6. Qxc3 Nd5 7. Qg3
Nxf4 8. Qxf4 Ba6 9. Nf3 d5 10. O-O-O Nc6 11. h4 Qd6 12. Qg4 O-O 13. g3 Rae8
14. h5 h6 15. e3 Bxf1 16. Rhxf1 e5 17. dxe5 Nxe5 18. Qf4 Nxf3 19. Qxf3 Re5
20. Rd4 Qe6 21. Rfd1 c6 22. Rf4 b5 23. g4 Re8 24. Kb1 Re7 25. Qh1 Rg5 26.
Rdd4 Re5 27. Rd1 Rg5 28. Rdd4 Re5 29. Rd1 1/2-1/2

[Event "24th European Teams"]
[Site "Budva MNE"]
[Date "2023.11.13"]
[EventDate "2023.11.11"]
[Round "3.13"]
[Result "1-0"]
[White "Luca Jr Moroni"]
[Black "Andrei Macovei"]
[WhiteElo "2575"]
[BlackElo "2446"]
[PlyCount "106"]

1. c4 e6 2. Nc3 d5 3. d4 Nf6 4. cxd5 Nxd5 5. e4 Nxc3 6. bxc3 c5 7. Nf3 cxd4
8. cxd4 Bb4+ 9. Bd2 Bxd2+ 10. Qxd2 O-O 11. Rc1 b6 12. Bd3 Bb7 13. Qe3 Nd7
14. e5 Bxf3 15. Qxf3 b5 16. O-O b4 17. Rc6 Nb6 18. Rd6 Qe7 19. Rc1 Rac8 20.
Rc5 g6 21. g3 Rc7 22. h4 Rd7 23. Rcc6 Rfd8 24. Rxd7 Qxd7 25. h5 Nd5 26. Rc5
Qe7 27. h6 Qg5 28. Bc4 Ne7 29. Qf6 Qxf6 30. exf6 Nf5 31. g4 Nxh6 32. f3 Kf8
33. Rc7 g5 34. d5 exd5 35. Bxd5 Ke8 36. Re7+ Kf8 37. Rxa7 Ke8 38. Re7+ Kf8
39. Rb7 Ke8 40. Bc6+ Kf8 41. Ba4 Ra8 42. Kf2 Ng8 43. Bb3 Nh6 44. Rxb4 Ke8
45. Rb6 Kd7 46. Kg3 Ra5 47. f4 gxf4+ 48. Kxf4 Kc7 49. Rb4 Ng8 50. g5 h6 51.
g6 Nxf6 52. gxf7 Ra8 53. Kf5 Nd7 1-0

[Event "24th European Teams"]
[Site "Budva MNE"]
[Date "2023.11.13"]
[EventDate "2023.11.11"]
[Round "3.13"]
[Result "1/2-1/2"]
[White "Victor Bologan"]
[Black "Francesco Sonis"]
[WhiteElo "2574"]
[BlackElo "2564"]
[PlyCount "72"]

1. e4 e5 2. Nf3 Nc6 3. Bc4 Bc5 4. d3 Nf6 5. Nc3 a6 6. a4 d6 7. h3 Be6 8.
Bxe6 fxe6 9. Be3 Bxe3 10. fxe3 O-O 11. O-O d5 12. Qe1 Qd6 13. Qh4 h6 14.
Rf2 Rf7 15. exd5 exd5 16. a5 Qc5 17. d4 Qb4 18. dxe5 Qxb2 19. Rd1 Qxc3 20.
exf6 Qxf6 21. Qxf6 Rxf6 22. Rxd5 Rd6 23. Rc5 Re8 24. Rf1 b6 25. axb6 cxb6
26. Rc3 Nb4 27. Rc4 a5 28. e4 Rc6 29. Rxc6 Nxc6 30. Rb1 Rxe4 31. Rxb6 Rc4
32. Ne1 Nb4 33. Rb8+ Kh7 34. Ra8 Nxc2 35. Nxc2 Rxc2 36. Rxa5 Rc1+ 1/2-1/2

[Event "24th European Teams"]
[Site "Budva MNE"]
[Date "2023.11.13"]
[EventDate "2023.11.11"]
[Round "3.13"]
[Result "1-0"]
[White "Danyyil Dvirnyy"]
[Black "Viorel Iordachescu"]
[WhiteElo "2495"]
[BlackElo "2586"]
[PlyCount "82"]

1. d4 Nf6 2. Nf3 e6 3. g3 b5 4. Bg2 d5 5. O-O Bb7 6. a4 b4 7. c4 bxc3 8.
Nxc3 Be7 9. Bf4 c6 10. a5 O-O 11. Qa4 Nh5 12. Bd2 Na6 13. Rfc1 Rb8 14. Ne5
Rc8 15. Na2 c5 16. Qb5 Rc7 17. b4 cxd4 18. Bf3 Nf6 19. Rxc7 Qxc7 20. Rc1
Qb8 21. Nc6 Bxc6 22. Qxc6 Nc5 23. bxc5 Qb2 24. Bf4 Qxa2 25. Qb7 e5 26. Qxe7
exf4 27. c6 Qd2 28. Rc5 Re8 29. Qd6 Ne4 30. Bxe4 dxe4 31. Re5 Qc1+ 32. Kg2
f3+ 33. exf3 exf3+ 34. Kxf3 Qh1+ 35. Ke2 Rf8 36. c7 Qc1 37. Qc5 Qb2+ 38.
Kf1 Qb7 39. Rd5 d3 40. Rxd3 Qa6 41. Kg1 1-0

[Event "24th European Teams"]
[Site "Budva MNE"]
[Date "2023.11.13"]
[EventDate "2023.11.11"]
[Round "3.14"]
[Result "1/2-1/2"]
[White "Vladimir Fedoseev"]
[Black "Nico Georgiadis"]
[WhiteElo "2675"]
[BlackElo "2556"]
[PlyCount "130"]

1. d4 Nf6 2. c4 e6 3. Nc3 Bb4 4. Qc2 O-O 5. a3 Bxc3+ 6. Qxc3 b6 7. Bg5 h6
8. Bh4 Bb7 9. e3 d6 10. Ne2 Nbd7 11. Qd3 e5 12. Nc3 exd4 13. Qxd4 Re8 14.
O-O-O g5 15. Bg3 Ne4 16. Nd5 Ndc5 17. Kb1 Nb3 18. Qd3 Nbc5 19. Qe2 c6 20.
Nb4 Qf6 21. f3 Nxg3 22. hxg3 Rad8 23. g4 Ne6 24. Qf2 a5 25. Na2 d5 26. Nc3
Kg7 27. cxd5 cxd5 28. Bb5 Re7 29. Ne2 Kg8 30. Rh3 d4 31. exd4 Be4+ 32. Ka1
Nc5 33. Bc4 Bc2 34. Rdh1 Nd3 35. Bxd3 Bxd3 36. Nc1 Bg6 37. Rxh6 Qxd4 38.
Qxd4 Rxd4 39. Rh8+ Kg7 40. Rc8 Re6 41. g3 Re3 42. Rf1 Rd2 43. Rc6 Rg2 44.
Rxb6 Rxg3 45. Rb5 Rgxf3 46. Rxf3 Rxf3 47. Rxg5 a4 48. Rc5 Rg3 49. Rc4 Rg1
50. b4 axb3 51. Kb2 f6 52. Nxb3 Rg2+ 53. Kc1 Bf7 54. Rc7 Rxg4 55. Nc5 f5
56. a4 Rg2 57. a5 Ra2 58. a6 f4 59. Kb1 Ra5 60. a7 f3 61. Ne4 Kg6 62. Rc6+
Kg7 63. Rc7 Kg6 64. Rc6+ Kg7 65. Rc7 1/2-1/2

[Event "24th European Teams"]
[Site "Budva MNE"]
[Date "2023.11.13"]
[EventDate "2023.11.11"]
[Round "3.15"]
[Result "1-0"]
[White "Daniel Dardha"]
[Black "Jergus Pechac"]
[WhiteElo "2575"]
[BlackElo "2580"]
[PlyCount "102"]

1. d4 Nf6 2. c4 e6 3. Nc3 Bb4 4. e3 O-O 5. a3 Bxc3+ 6. bxc3 d6 7. Bd3 e5 8.
e4 exd4 9. cxd4 Nxe4 10. Ne2 Re8 11. O-O h6 12. f3 Nf6 13. g4 d5 14. c5 b6
15. g5 hxg5 16. Bxg5 bxc5 17. dxc5 Ba6 18. Kh1 Bxd3 19. Qxd3 Nbd7 20. Rg1
Nxc5 21. Qc3 d4 22. Nxd4 Ne6 23. Nf5 Nd5 24. Qxg7+ Nxg7 25. Bxd8 Rexd8 26.
Rxg7+ Kf8 27. Rag1 Ke8 28. Re1+ Kd7 29. Rxf7+ Kc8 30. Ne7+ Kb7 31. Nxd5
Rxd5 32. Rb1+ Kc6 33. Rc1+ Kb5 34. Rfxc7 Ka4 35. R1c3 Rd1+ 36. Kg2 Rd2+ 37.
Kg3 Rg8+ 38. Kf4 Rxh2 39. Rxa7+ Kb5 40. Rb7+ Ka4 41. Rb4+ Ka5 42. Rc5+ Ka6
43. Rg5 Rf8+ 44. Kg3 Ra2 45. Rf4 Rxf4 46. Kxf4 Rxa3 47. Re5 Kb6 48. Kg4 Kc6
49. f4 Kd6 50. Re1 Ra7 51. Kg5 1-0

[Event "24th European Teams"]
[Site "Budva MNE"]
[Date "2023.11.17"]
[Round "6.8"]
[White "Bacrot, Etienne"]
[Black "Fedoseev, Vladimir"]
[Result "1-0"]
[WhiteElo "2668"]
[BlackElo "2675"]
[EventDate "2023.11.11"]
[Board "1"]

1. e4 c5 2. Nf3 d6 3. d4 cxd4 4. Nxd4 Nf6 5. Nc3 a6 6. Be3 e5 7. Nb3 
Be6 8.
f3 h5 9. Nd5 Bxd5 10. exd5 Nbd7 11. Qd2 g6 12. O-O-O Nb6 13. Kb1 
Nbxd5 14.
Bg5 Be7 15. g3 a5 16. a4 O-O 17. h4 Nb4 18. Bxf6 Bxf6 19. c3 Nc6 20. 
Qd3 d5
21. Qxd5 Be7 22. Qxd8 Rfxd8 23. Bb5 Bd6 24. Rd3 Bc7 25. Rxd8+ Nxd8 
26. Nc5
Ne6 27. Nxe6 fxe6 28. Bd3 Kf7 29. Be4 Rb8 30. Rd1 Ke7 31. g4 Rf8 32. 
gxh5
gxh5 33. Bxb7 Rf4 34. Bc6 Bb6 35. Rh1 Kd6 36. Be4 Bd8 37. Kc2 Rxh4 
38. Rd1+
Ke7 39. b4 Rf4 40. Kb3 Bb6 41. Kc4 h4 42. Kb5 Bf2 43. Kxa5 h3 44. Rh1 
Rh4
45. c4 Rh8 46. c5 h2 47. Kb6 Rb8+ 48. Bb7 Bg1 49. a5 Rd8 50. a6 Rd1 
51.
Rxh2 Bxh2 52. a7 Rd8 53. a8=Q Rxa8 54. Bxa8 Kd8 55. Be4 Kc8 56. 
Kc6 1-0

[Event "24th European Teams"]
[Site "Budva MNE"]
[Date "2023.11.19"]
[EventDate "2023.11.11"]
[Round "8.3"]
[Result "1/2-1/2"]
[White "Max Warmerdam"]
[Black "Aryan Tari"]
[WhiteElo "2638"]
[BlackElo "2620"]
[PlyCount "156"]

1. c4 c5 2. Nf3 Nf6 3. g3 Nc6 4. Bg2 d5 5. cxd5 Nxd5 6. Nc3 Nxc3 7. bxc3 e5 8.
d3 Be7 9. Nd2 O-O 10. Rb1 Qc7 11. c4 f5 12. Nf1 Bd6 13. Ne3 Ne7 14. Nd5 Nxd5 15.
Bxd5+ Kh8 16. e4 Rb8 17. exf5 Bxf5 18. O-O Qd7 19. a4 b6 20. Bb2 Bc7 21. Re1
Rbe8 22. Re3 Be6 23. Bg2 Bh3 24. Bd5 Be6 25. Be4 Bf5 26. Bc3 a5 27. Bd5 Be6 28.
Be4 Bf5 29. Bd5 Be6 30. Bh1 Bf5 31. Qc2 Qf7 32. Bd5 Be6 33. Bg2 Bf5 34. Bd5 Be6
35. Bc6 Bd7 36. Bxd7 Qxd7 37. Rbe1 h6 38. Bxe5 Rxe5 39. Rxe5 Bxe5 40. Rxe5 Qc6
41. h4 Rd8 42. Qb3 Qf6 43. Re4 Rf8 44. Qc2 Rd8 45. Re3 Qc6 46. Qb2 Qg6 47. Qe2
Qc6 48. Re7 Qxa4 49. Qe5 Qd1+ 50. Kg2 Qg4 51. f3 Qd4 52. Qe4 a4 53. Ra7 Qxd3 54.
Qxd3 Rxd3 55. Rxa4 Kh7 56. h5 Rd4 57. Ra6 Rxc4 58. Rxb6 Rc2+ 59. Kh3 c4 60. Rc6
c3 61. Kg4 Rc1 62. f4 Rc2 63. Rc7 Rc1 64. Kf5 Rh1 65. g4 Rh3 66. Rc8 Rf3 67. Rc4
Rh3 68. Rc7 Rf3 69. Rc6 Rh3 70. g5 hxg5 71. Kg4 Rh4+ 72. Kxg5 Rh3 73. f5 Rg3+
74. Kf4 Rh3 75. Kg4 Rd3 76. h6 gxh6 77. Rc7+ Kg8 78. Kf4 Rd5 1/2-1/2

[Event "24th European Teams"]
[Site "Budva MNE"]
[Date "2023.11.19"]
[EventDate "2023.11.11"]
[Round "8.8"]
[Result "1-0"]
[White "Imre Balog"]
[Black "Kaan Kucuksari"]
[WhiteElo "2617"]
[BlackElo "2474"]
[PlyCount "108"]

1. d4 f5 2. Nf3 Nf6 3. g3 g6 4. Bg2 Bg7 5. b3 O-O 6. Bb2 c6 7. c4 d6 8. Qc2 a5
9. O-O Na6 10. Nc3 Qc7 11. e4 Nb4 12. Qe2 fxe4 13. Nxe4 Nxe4 14. Qxe4 e5 15.
dxe5 Bf5 16. Qh4 dxe5 17. Ng5 h6 18. Ne4 Rad8 19. c5 Nd3 20. Bc3 g5 21. Qh5 Bxe4
22. Bxe4 Nxc5 23. Rae1 Nxe4 24. Rxe4 Rd5 25. Qe2 Qd6 26. h4 gxh4 27. Rxh4 Rf5
28. Re4 Qg6 29. Rh4 Rg5 30. Kg2 Rd3 31. Be1 Rd4 32. Rfh1 Qd6 33. Re4 Qd5 34. Rh4
a4 35. Bc3 Rxe4 36. Qxe4 axb3 37. axb3 Rf5 38. Bd2 Rf7 39. Qxd5 cxd5 40. Bxh6
Bf6 41. Rb4 Rd7 42. g4 Kf7 43. Bd2 Bd8 44. Ra4 Ke6 45. Ra8 d4 46. Kf3 Kd5 47. g5
e4+ 48. Kg4 Bb6 49. Re8 d3 50. Rf8 Rc7 51. Rf5+ Ke6 52. Rf6+ Kd5 53. Rxb6 Rf7
54. Bc1 1-0

[Event "24th European Teams"]
[Site "Budva MNE"]
[Date "2023.11.19"]
[EventDate "2023.11.11"]
[Round "8.13"]
[Result "1/2-1/2"]
[White "Lennert Lenaerts"]
[Black "Nijat Abasov"]
[WhiteElo "2322"]
[BlackElo "2679"]
[PlyCount "76"]

1. d4 Nf6 2. c4 e6 3. Nc3 Bb4 4. Qc2 b6 5. e4 c5 6. d5 Qe7 7. Ne2 exd5 8. exd5
O-O 9. Bg5 h6 10. Bh4 Ba6 11. O-O-O Re8 12. f3 Qe3+ 13. Kb1 g5 14. Bg3 Bxc4 15.
h4 Na6 16. hxg5 Bxc3 17. Nxc3 Bxf1 18. gxf6 Nb4 19. Qd2 Qxd2 20. Rxd2 Bd3+ 21.
Kc1 Bh7 22. Rxh6 Nd3+ 23. Rxd3 Bxd3 24. Bd6 Bg6 25. Kd2 b5 26. Bxc5 b4 27. Bxb4
Rab8 28. Ba3 Rb6 29. b3 Rxf6 30. Bb2 Rc8 31. Rh4 Ra6 32. Ne4 f6 33. Bxf6 Bxe4
34. Rh8+ Kf7 35. Rxc8 Rxa2+ 36. Ke3 Bxd5 37. Bd4 Rxg2 38. Bxa7 1/2-1/2

[Event "24th European Teams"]
[Site "Budva MNE"]
[Date "2023.11.19"]
[EventDate "2023.11.11"]
[Round "8.16"]
[Result "1/2-1/2"]
[White "Milos Pecurica"]
[Black "Juraj Druska"]
[WhiteElo "2342"]
[BlackElo "2472"]
[PlyCount "96"]

1. d4 Nf6 2. c4 e6 3. Nc3 d5 4. Nf3 c5 5. cxd5 Nxd5 6. e4 Nxc3 7. bxc3 cxd4 8.
cxd4 Bb4+ 9. Bd2 Bxd2+ 10. Qxd2 O-O 11. Bc4 Nd7 12. O-O b6 13. d5 Nc5 14. Rad1
Bb7 15. dxe6 fxe6 16. Qe3 Qf6 17. Nd4 Qe5 18. f4 Qxe4 19. Qxe4 Bxe4 20. Nxe6
Nxe6 21. f5 Bxf5 22. Rxf5 Rxf5 23. Bxe6+ Rf7 24. Rd7 Rf8 25. Rxa7 g5 26. Rb7 Kg7
27. Bxf7 Rxf7 28. Rxb6 Ra7 29. Rb2 Kf6 30. Kf2 Ra3 31. Ke2 h5 32. Kd1 h4 33. Kc1
h3 34. Rf2+ Ke6 35. g3 Kd5 36. Kb2 Ra8 37. Rf5+ Kc4 38. Rxg5 Re8 39. Rg4+ Kc5
40. Kc3 Re3+ 41. Kd2 Ra3 42. Rh4 Rxa2+ 43. Ke3 Rxh2 44. Kf3 Kd6 45. Kg4 Ke7 46.
Rxh3 Ra2 47. Rh5 Kf6 48. Rb5 1/2-1/2

[Event "24th European Teams"]
[Site "Budva MNE"]
[Date "2023.11.19"]
[EventDate "2023.11.11"]
[Round "8.18"]
[Result "1-0"]
[White "John Rodgaard"]
[Black "Korab Saraci"]
[WhiteElo "2281"]
[BlackElo "2200"]
[PlyCount "106"]

1. Nf3 g6 2. c4 Bg7 3. Nc3 e5 4. d4 exd4 5. Nxd4 Nc6 6. Nxc6 bxc6 7. g3 Ne7 8.
Bg2 O-O 9. O-O d6 10. Qc2 Be6 11. b3 Qd7 12. Bb2 Bh3 13. Rad1 Bxg2 14. Kxg2 Qe6
15. Rfe1 f5 16. f4 g5 17. e3 g4 18. e4 Qg6 19. Na4 Bxb2 20. Nxb2 c5 21. Na4 Nc6
22. exf5 Qh5 23. Qe4 Nd4 24. Qd5+ Kh8 25. Rxd4 cxd4 26. Qxd4+ Kg8 27. Re7 Rf7
28. Qd5 Rf8 29. Rxc7 Re8 30. Qxf7+ Qxf7 31. Rxf7 Kxf7 32. Kf2 Kf6 33. Nc3 a6 34.
Nd5+ Kf7 35. Nc7 Re4 36. Nxa6 d5 37. Nc5 Rd4 38. Ke3 Rd1 39. cxd5 Rxd5 40. Nd3
Rd6 41. a4 Kf6 42. a5 Kxf5 43. b4 Ke6 44. Ke4 h5 45. f5+ Kd7 46. b5 Kc7 47. Nf4
Rd2 48. f6 Kd6 49. b6 Rb2 50. Kf5 Rb5+ 51. Kg6 Rxa5 52. f7 Ke7 53. Kg7 1-0